000 nam a22 7a 4500
999 _c53727
_d53727
003 OSt
005 20220725160055.0
008 220725b xxu||||| |||| 00| 0 eng d
040 _cIIMT UNIVERSITY MEERUT
100 _aTHAREJA, R
245 _aDATA STRUCTURE USING C -IInd
260 _bOXFORD
300 _a531
942 _2ddc
_c09